000 00945nam a22002897a 4500
001 7223
003 FISKH
005 20250703093711.0
008 250703b cb ||||| |||| 00| 0 eng d
020 _a9781605772127
040 _aFISKH
_beng
_cFISKH
_dFISKH
050 _aBJ1533.P3 B47
082 _a179.9
100 _aBerry, Joy
245 _aLet's talk about being patient /
_cWritten by Joy Berry ; Illustrated by Maggie Smith
260 _aNew York :
_bJoy Berry Enterprises,
_c2008.
300 _a32 unnumbered pages :
_bcolor illustrations ;
_c21 cm
490 _aJoy Berry Classics
505 _aG
520 _aPresents situations that demonstate the meaning and importance of patience.
521 8 _a300
_bLexile estimate
521 8 _aG
_bRaz-Plus
650 _aBehavior
_vResponsibility
_xSocial emotional
_ySelf-awareness
700 _aSmith, Maggie
_eillustrator
942 _2ddc
_cBK
_n0
999 _c7223
_d7223